Production : an international appraisal of contemporary manufacturing systems and the changing role of the worker
Guardat en:
| Autor principal: | |
|---|---|
| Format: | Llibre |
| Idioma: | Undetermined |
| Publicat: |
New York
Wiley
1975
|
| Matèries: | |
| Etiquetes: |
Afegir etiqueta
Sense etiquetes, Sigues el primer a etiquetar aquest registre!
|
| Thư viện lưu trữ: | Trung tâm Học liệu Trường Đại học Cần Thơ |
|---|
| LEADER | 00645nam a2200193Ia 4500 | ||
|---|---|---|---|
| 001 | CTU_95169 | ||
| 008 | 210402s9999 xx 000 0 und d | ||
| 082 | |a 658.5 | ||
| 082 | |b M471 | ||
| 100 | |a Maynard, H. B. | ||
| 245 | 0 | |a Production : | |
| 245 | 3 | |b an international appraisal of contemporary manufacturing systems and the changing role of the worker | |
| 245 | 0 | |c H. B. Maynard and Company ; edited by Rolf Tiefenthal. | |
| 260 | |a New York | ||
| 260 | |b Wiley | ||
| 260 | |c 1975 | ||
| 650 | |a Industrial management.,Personnel management.,Division of labor. | ||
| 904 | |i Năm | ||
| 980 | |a Trung tâm Học liệu Trường Đại học Cần Thơ | ||